00405nam a2200145Ia 4500008004100000020001500041041000800056082001700064100007500081245002500156250000600181260003600187300001600223650002000239210716s2006 xx 000 0 und d a0131851225 aeng a657.046 BEAF aBeams, Floyd A;Anthony, Joseph H;Clement Robin P;Lowensohn, Suzanne H. aAdvanced accounting. a9 aNew JerseybPrentice Hallc2006 axx,784,I-12 aCost Accounting